000
00312nam a22001457a 4500
008
221006b ||||| |||| 00| 0 eng d
020
_a
0152774106
041
_a
eng
080
_a
617
082
_a
617 FAC
100
_a
12
101
_a
RAD
245
_a
SPARE PARTS FOR PEOPLE
_c
FACKLAM H
942
_2
udc
_c
BK
999
_c
58400
_d
58400